Les territoires du communisme : Elus locaux, politiques publiques et sociabilités militantes (notice n° 1567992)
[ vue normale ]
| 000 -LEADER | |
|---|---|
| fixed length control field | 01676cam a2200145 4500500 |
| 005 - DATE AND TIME OF LATEST TRANSACTION | |
| control field | 20251214003810.0 |
| 041 ## - LANGUAGE CODE | |
| Language code of text/sound track or separate title | fre |
| 042 ## - AUTHENTICATION CODE | |
| Authentication code | dc |
| 100 10 - MAIN ENTRY--PERSONAL NAME | |
| Personal name | Bellanger, Emmanuel |
| Relator term | author |
| 245 00 - TITLE STATEMENT | |
| Title | Les territoires du communisme : Elus locaux, politiques publiques et sociabilités militantes |
| 260 ## - PUBLICATION, DISTRIBUTION, ETC. | |
| Name of publisher, distributor, etc. | Armand Colin,<br/> |
| Date of publication, distribution, etc. | 2013.<br/> |
| 520 ## - SUMMARY, ETC. | |
| Summary, etc. | « Communisme municipal », « banlieue rouge », « bastions ouvriers » : l’influence du Parti communiste français est associée à des représentations territoriales typées. Quelle est la réalité de cette implantation ? Quelles évolutions a-t-elle connues des années 1920 à nos jours ? Existe-t-il une spécificité de la gestion communiste locale ?Quatorze auteurs réunis dans cet ouvrage analysent avec nuance l’empreinte du communisme sur les territoires qu’il a administrés. Leurs enquêtes restituent toute la diversité de la sociabilité militante du PCF. Elles décrivent comment les communistes luttent pour la conquête du pouvoir local et comment ils s’efforcent de maintenir leur influence. Elles éclairent aussi les tensions et les compromis qui animent l’appareil, ses élus, ses militants et ses organisations affiliées.Dirigé par un historien et un sociologue, cet ouvrage dresse également un bilan des recherches sur le communisme en France dans une perspective interdisciplinaire qui met en relief le dynamisme des études locales sur les comportements politiques et leur environnement institutionnel et social. |
| 700 10 - ADDED ENTRY--PERSONAL NAME | |
| Personal name | Mischi, Julian |
| Relator term | author |
| 856 41 - ELECTRONIC LOCATION AND ACCESS | |
| Uniform Resource Identifier | <a href="https://shs.cairn.info/les-territoires-du-communisme--9782200277222?lang=fr&redirect-ssocas=7080">https://shs.cairn.info/les-territoires-du-communisme--9782200277222?lang=fr&redirect-ssocas=7080</a> |
Pas d'exemplaire disponible.




Réseaux sociaux